Влияние потерь на формирование энергии удара; Современные проблемы машиностроения

Bibliografiske detaljer
Parent link:Современные проблемы машиностроения.— 2006.— С. 160-162
Hovedforfatter: Дерюшева В. Н. Валентина Николаевна
Andre forfattere: Крауиньш П. Я. Петр Янович
Sprog:russisk
Udgivet: 2006
Fag:
Format: Book Chapter
KOHA link:https://koha.lib.tpu.ru/cgi-bin/koha/opac-detail.pl?biblionumber=121426

MARC

LEADER 00000naa2a2200000 4500
001 121426
005 20231221140415.0
035 |a (RuTPU)RU\TPU\book\131504 
090 |a 121426 
100 |a 20070913d2006 k y0rusy50 ca 
101 0 |a rus 
102 |a RU 
200 1 |a Влияние потерь на формирование энергии удара  |f В. Н. Дерюшева, П. Я. Крауиньш 
320 |a Библиогр.: 2 назв. 
463 0 |0 (RuTPU)RU\TPU\book\116869  |t Современные проблемы машиностроения  |o труды III Международной научно-технической конференции, Томск, 27-30 ноября 2006 г.  |f Томский политехнический университет  |v С. 160-162  |d 2006  |p 248 с. 
610 1 |a удар 
610 1 |a энергия удара 
610 1 |a ударные механизмы 
610 1 |a пневмогидравлический механизм 
610 1 |a труды учёных ТПУ 
700 1 |a Дерюшева  |b В. Н.  |c специалист в области машиностроения  |c доцент Томского политехнического университета, кандидат технических наук  |f 1982-  |g Валентина Николаевна  |3 (RuTPU)RU\TPU\pers\25817  |9 11690 
701 1 |a Крауиньш  |b П. Я.  |c специалист в области машиностроения  |c профессор Томского политехнического университета, доктор технических наук  |f 1939-  |g Петр Янович  |3 (RuTPU)RU\TPU\pers\21970 
801 1 |a RU  |b 63413507  |c 20070913  |g PSBO 
801 2 |a RU  |b 63413507  |c 20160516  |g RCR 
942 |c BK